FIFA 22 TOTY Nominees - Statistics

General Stats
  • This quiz has been taken 186 times
  • The average score is 65 of 80
Answer Stats
Club Position Rating Answer % Correct
Real Madrid CF 89 Karim Benzema
100%
Man United ST 91 Cristiano Ronaldo
98%
PSG RW 93 Lionel Messi
97%
PSG ST 91 Kylian Mbappe
96%
PSG LW 91 Neymar
96%
Tottenham ST 90 Harry Kane
95%
Borussia Dortmund ST 88 Erling Haaland
94%
Bayern Munich ST 92 Robert Lewandowski
94%
Lazio ST 87 Ciro Immobile
92%
Aston Villa GK 84 Emiliano Martinez
92%
Inter Milan ST 85 Lautaro Martinez
92%
Chelsea ST 88 Romelu Lukaku
92%
Juventus RW 83 Federico Chiesa
90%
Liverpool RW 89 Mohamed Salah
90%
Man City CM 91 Kevin De Bruyne
89%
Real Madrid CDM 89 Casemiro
88%
PSG GK 89 Gianluigi Donnarumma
88%
Chelsea CDM 90 N'golo Kante
88%
Man United CAM 88 Bruno Fernandes
87%
Man City GK 89 Ederson
87%
Bayern Munich CDM 89 Joshua Kimmich
87%
Napoli LW 86 Lorenzo Insigne
87%
Chelsea GK 83 Edouard Mendy
86%
Liverpool CDM 86 Fabinho
86%
Tottenham LM 89 Heung-Min Son
86%
Atletico Madrid GK 91 Jan Oblak
86%
Atletico Madrid ST 88 Luis Suarez
86%
Man City CAM 84 Phil Foden
86%
Man City CB 87 Ruben Dias
86%
Real Madrid GK 89 Thibaut Courtois
86%
Villarreal ST 86 Gerard Moreno
85%
Man City LW 84 Jack Grealish
85%
Man City RB 86 Joao Cancelo
85%
Lille ST 78 Jonathan David
85%
Porto LM 80 Luis Diaz
85%
Real Madrid CM 87 Luka Modric
85%
PSG CM 87 Marco Verratti
85%
Liverpool RB 87 Trent Alexander-Arnold
85%
PSG RB 85 Achraf Hakimi
84%
Chelsea CM 85 Jorginho
84%
Man City RB 85 Kyle Walker
84%
Juventus CB 85 Leonardo Bonucci
84%
Bayern Munich CM 87 Leon Goretzka
83%
Barcelona LB 86 Jordi Alba
82%
PSG CB 87 Marquinhos
82%
Borussia Dortmund CB 86 Mats Hummels
82%
Real Sociedad LW 85 Mikel Oyarzabal
82%
Bayern Munich LB 82 Alphonso Davies
81%
Chelsea CB 83 Antonio Rudiger
81%
Juventus CB 86 Giorgio Chiellini
81%
AC Milan GK 84 Mike Maignan
81%
Bayern Munich CAM 87 Thomas Muller
81%
Barcelona CM 81 Pedri
80%
Real Madrid CB 84 David Alaba
79%
Borussia Dortmund CM 79 Jude Bellingham
78%
Newcastle RB 84 Kieran Trippier
78%
Man United LB 84 Luke Shaw
78%
Chelsea CAM 83 Mason Mount
78%
AC Milan LB 84 Theo Hernandez
78%
Sevilla RB 84 Jesus Navas
77%
Real Betis CAM 84 Nabil Fekir
77%
Inter Milan CM 84 Nicolo Barella
77%
Marseille LW 80 Dimitri Payet
76%
Ajax LW 84 Dusan Tadic
76%
Inter Milan CB 86 Milan Skriniar
73%
West Ham CDM 82 Declan Rice
71%
Fiorentina ST 78 Dusan Vlahovic
71%
Eintracht Frankfurt LM 84 Filip Kostic
71%
Roma LWB 83 Leonardo Spinazzola
69%
Atletico Madrid CM 86 Marcos Llorente
69%
Tottenham CB 82 Cristian Romero
68%
Bayer Leverkusen CAM 78 Florian Wirtz
67%
RB Leipzig CAM 82 Dani Olmo
65%
Sevilla CB 83 Jules Kounde
65%
AC Milan CB 83 Simon Kjaer
62%
Juventus CDM 82 Manuel Locatelli
60%
Chelsea CB 83 Cesar Azpilicueta
59%
Freiburg LB 79 Christian Gunter
47%
Lyon CM 81 Lucas Paqueta
44%
Lille LB 78 Reinildo
30%
No matching quizzes found
Score Distribution
Percent of People with Each Score
Percentile by Number Answered
Your Score History
You have not taken this quiz